| 000 | 00698cam a22002413a 4500 | ||
|---|---|---|---|
| 001 | 28267 | ||
| 003 | PGUSA | ||
| 005 | 20140828083618.0 | ||
| 008 | 090307s2009||||xxu|||||s|||||000 1 eng d | ||
| 040 |
_aPGUSA _beng |
||
| 042 | _adc | ||
| 050 | 4 | _aPS | |
| 100 | 1 |
_aThompson, George, _d1823- |
|
| 245 | 1 | 0 |
_aVenus in Boston : _bA Romance of City Life _h[electronic resource] / _cGeorge Thompson |
| 260 |
_bProject Gutenberg, _c2009 |
||
| 506 | _aPublic domain in the USA. | ||
| 516 | _aElectronic text | ||
| 653 | _aCity and town life -- Fiction | ||
| 653 | _aBoston (Mass.) -- Fiction | ||
| 830 | 0 |
_aProject Gutenberg _v28267 |
|
| 856 | 4 | 0 | _uhttp://www.gutenberg.org/ebooks/28267 |
| 942 | _cEB | ||
| 999 |
_c257522 _d257522 |
||